[Event "Bogota sf2 U16"]
[Site "Bogota"]
[Date "2018.03.31"]
[Round "5.10"]
[White "Perez Valcarcel, Maria Jose"]
[Black "Restrepo Rodriguez, Brayan"]
[Result "0-1"]
[WhiteElo "1526"]
[BlackElo "1500"]
[PlyCount "84"]
[EventDate "2018.03.29"]
[EventType "swiss"]
[EventRounds "6"]
[EventCountry "COL"]
[SourceTitle "EXT 2024"]
[Source "ChessBase"]
[SourceDate "2023.10.10"]
[SourceVersion "1"]
[SourceVersionDate "2023.10.10"]
[SourceQuality "1"]

1. e4 e6 2. d4 d5 3. Nc3 Bb4 4. e5 Ne7 5. Qg4 Ng6 6. Nf3 h5 7. Qg3 c5 8. Bd3 Ne7 9. Qxg7 Rg8 10. Qh7 c4 11. Be2 Nbc6 12. Bg5 Qa5 13. 0-0 Bd7 14. a3 Bxc3 15. bxc3 0-0-0 16. Qxh5 Rdf8 17. Bxe7 Nxe7 18. Qh6 Nf5 19. Qd2 Qd8 20. Rab1 Nh4 21. Nxh4 Qxh4 22. Qe3 Rh8 23. Qg3 Qh7 24. h3 Qxc2 25. Bf3 Rfg8 26. Qh2 Qxc3 27. Rfd1 Qxf3 28. Kh1 Qxf2 29. Rb4 Qg3 30. Rdb1 Qxh2+ 31. Kxh2 Bc6 32. Rf1 Rh7 33. Rf3 Rhg7 34. Rb2 Kd7 35. a4 Rb8 36. a5 b6 37. axb6 axb6 38. h4 b5 39. h5 b4 40. h6 Rh7 41. Rf6 b3 42. Rbf2 Ke7 0-1